000 00344nam a2200145Ia 4500
005 20250509065611.0
008 240331s9999 xx 000 0 und d
082 _bTHA
_a891
100 _aThamaraichchelvi,
245 0 _aVanniyachchi
260 _aColombo
_bMeera Pathippagam
_c2005
300 _a95 p .,
650 _aShort Stories
942 _cL
999 _c4335
_d4335